[Event "Lichtenberger Sommer 2019"]
[Site "Berlin"]
[Date "2019.08.19"]
[Round "3.48"]
[White "Schönberger, Kay"]
[Black "Schilly, Hans-Joachim"]
[Result "0-1"]
[WhiteElo "1901"]
[BlackElo "1739"]
[PlyCount "66"]
[EventDate "2019.??.??"]
[WhiteTeam "SV Koblenz"]
[BlackTeam "SF Siemensstadt"]

1. d4 d5 2. c4 c6 3. Nf3 Nf6 4. Nc3 e6 5. e3 Bd6 6. b3 O-O 7. Be2 Nbd7 8. Qc2
e5 9. cxd5 Nxd5 10. Nxd5 cxd5 11. dxe5 Nxe5 12. O-O Qf6 13. Bb2 Bf5 14. Qd2
Rfd8 15. Rac1 Be4 16. Nxe5 Bxe5 17. Bxe5 Qxe5 18. Rfd1 Qg5 19. f3 Bf5 20. Rc5
Be6 21. Rc7 b6 22. f4 Qf6 23. Bf3 h6 24. Qd4 Qg6 25. Qe5 Rac8 26. Rxa7 Rc2 27.
Be4 dxe4 28. Rxd8+ Kh7 29. g3 Qg4 30. Rc7 Rxa2 31. Qd4 Qf3 32. Qd2 Rxd2 33.
Rxd2 Qxe3+ 0-1

[Event "Lichtenberger Sommer 2019"]
[Site "Berlin"]
[Date "2019.08.19"]
[Round "3.49"]
[White "Bunkens, Rudi"]
[Black "Jaeger, Andre"]
[Result "1/2-1/2"]
[WhiteElo "1724"]
[BlackElo "1897"]
[PlyCount "80"]
[EventDate "2019.??.??"]
[WhiteTeam "Koninklijke Gentse SK"]
[BlackTeam "SC Rochade (Berlin)"]

1. d4 Nf6 2. c4 d6 3. Nc3 Nbd7 4. Nf3 g6 5. g3 Bg7 6. Bg2 O-O 7. O-O e5 8. e4
exd4 9. Nxd4 Re8 10. Nc2 Nc5 11. Re1 a5 12. Rb1 Bd7 13. Nd4 Rb8 14. b3 Ng4 15.
Bb2 Ne5 16. Bf1 Ned3 17. Bxd3 Bxd4 18. Bf1 Qf6 19. Qc2 Bc6 20. Bg2 Re7 21. Nd5
Bxd5 22. Bxd4 Qxd4 23. exd5 Rbe8 24. Rxe7 Rxe7 25. Rd1 Qe5 26. Kf1 f5 27. Qd2
Kf7 28. f4 Qe3 29. Qxe3 Rxe3 30. Kf2 Rd3 31. Ke2 Rxd1 32. Kxd1 Kf6 33. Kd2 h6
34. Kc3 g5 35. a3 gxf4 36. gxf4 Nd7 37. b4 axb4+ 38. axb4 Nf8 39. Kd4 Ng6 40.
Ke3 b6 1/2-1/2

[Event "Lichtenberger Sommer 2019"]
[Site "Berlin"]
[Date "2019.08.19"]
[Round "3.50"]
[White "Kraft, Tom"]
[Black "Hirsch, Christian"]
[Result "1/2-1/2"]
[WhiteElo "1893"]
[BlackElo "1726"]
[PlyCount "44"]
[EventDate "2019.??.??"]
[WhiteTeam "SC Zugzwang 95 (Berlin)"]
[BlackTeam "SF Haselmühl/Amberg"]

1. d4 Nf6 2. c4 e5 3. e3 Bb4+ 4. Bd2 Bxd2+ 5. Nxd2 exd4 6. exd4 d5 7. Ngf3 O-O
8. Be2 Nc6 9. O-O Bf5 10. a3 Re8 11. c5 Ne4 12. Bb5 Qf6 13. Bxc6 Qxc6 14. Re1
Qb5 15. Qb3 Qxb3 16. Nxb3 f6 17. Rac1 Bg4 18. Nfd2 Nxd2 19. Nxd2 Kf7 20. f3 Bd7
21. Kf2 g5 22. Nb1 Rxe1 1/2-1/2

[Event "Lichtenberger Sommer 2019"]
[Site "Berlin"]
[Date "2019.08.19"]
[Round "3.51"]
[White "Baranowsky, Peter"]
[Black "Caglar, Ertan"]
[Result "1-0"]
[WhiteElo "1889"]
[BlackElo "1724"]
[PlyCount "73"]
[EventDate "2019.??.??"]
[WhiteTeam "SF 1903 Berlin"]
[BlackTeam "SW Lichtenrade"]

1. e4 e5 2. Nf3 Nc6 3. d4 exd4 4. Bc4 Bc5 5. c3 d3 6. b4 Be7 7. Qb3 d6 8. Bxf7+
Kf8 9. Be3 Bg4 10. Nbd2 Bxf3 11. Nxf3 Ne5 12. Nxe5 dxe5 13. Bh5 g6 14. Bf3 d2+
15. Bxd2 a5 16. Rd1 Bd6 17. O-O axb4 18. cxb4 Kg7 19. Bc3 Qe7 20. Qb2 Nf6 21.
g3 Nd7 22. Rd3 Nb6 23. Bd1 Nc4 24. Qa1 Rhe8 25. Bb3 b5 26. f4 Bxb4 27. Bxb4
Qxb4 28. Rd7+ Kh8 29. Bxc4 Qc5+ 30. Rf2 bxc4 31. fxe5 c3 32. Kg2 Rf8 33. Rdf7
Rxf7 34. Rxf7 Qxe5 35. Qb1 Rd8 36. Rf2 Rd2 37. Qb8+ 1-0

[Event "Lichtenberger Sommer 2019"]
[Site "Berlin"]
[Date "2019.08.19"]
[Round "3.52"]
[White "Zubke, Carsten"]
[Black "Rausch, Erik"]
[Result "0-1"]
[WhiteElo "1886"]
[BlackElo "1718"]
[PlyCount "82"]
[EventDate "2019.??.??"]
[WhiteTeam "BSG Pneumant Fürstenwalde"]
[BlackTeam "SC Kreuzberg"]

1. d4 Nf6 2. c4 e6 3. Nc3 Bb4 4. Qc2 d5 5. Nf3 dxc4 6. Bg5 h6 7. Bh4 O-O 8. e4
g5 9. e5 Nd5 10. Bg3 b5 11. Nd2 Nxc3 12. bxc3 Be7 13. Be2 Bb7 14. O-O c5 15. a4
cxd4 16. cxd4 a6 17. Rfb1 Qxd4 18. Nf3 Qe4 19. Qxe4 Bxe4 20. Rc1 Nc6 21. Nd2
Bd5 22. f4 Nd4 23. Bd1 Rfc8 24. Bf2 Nb3 25. Nxb3 cxb3 26. Rcb1 bxa4 27. Rxa4
gxf4 28. Be1 Rcb8 29. Be2 Bc5+ 30. Kf1 Rb6 31. Ba5 Rc6 32. Rxf4 Kf8 33. Bh5 Ra7
34. Ke2 Ba3 35. Bg6 b2 36. Rbf1 Bc4+ 37. Bd3 Bxd3+ 38. Kxd3 Rd7+ 39. Ke2 Rc1
40. Bb4+ Bxb4 41. Rxb4 Rxf1 0-1

[Event "Lichtenberger Sommer 2019"]
[Site "Berlin"]
[Date "2019.08.19"]
[Round "3.53"]
[White "Morczynski, Joachim"]
[Black "Alten, Silvio"]
[Result "1/2-1/2"]
[WhiteElo "1701"]
[BlackElo "1883"]
[PlyCount "55"]
[EventDate "2019.??.??"]
[WhiteTeam "SK Zehlendorf"]
[BlackTeam "SV Mattnetz Berlin"]

1. e4 e6 2. d4 d5 3. Nc3 Nf6 4. Bg5 dxe4 5. Nxe4 Nbd7 6. Nxf6+ Nxf6 7. Bd3 h6
8. Bh4 c5 9. dxc5 Bxc5 10. Qf3 Bd7 11. O-O-O Qb6 12. Ne2 Bc6 13. Qg3 g5 14. Qe5
O-O-O 15. Qxf6 gxh4 16. f3 Be3+ 17. Kb1 Qc7 18. Qxh4 Rhg8 19. Ng3 Bf2 20. Qxh6
Bxg3 21. hxg3 Rxg3 22. Be4 Bxe4 23. fxe4 Rxg2 24. Rxd8+ Qxd8 25. Qf4 Qf8 26.
Qe3 b6 27. Qc3+ Qc5 28. Qxc5+ 1/2-1/2

[Event "Lichtenberger Sommer 2019"]
[Site "Berlin"]
[Date "2019.08.19"]
[Round "3.54"]
[White "Bellomo, Riccardo"]
[Black "Muskewitz, Bernd"]
[Result "1/2-1/2"]
[WhiteElo "1677"]
[BlackElo "1879"]
[PlyCount "128"]
[EventDate "2019.??.??"]
[WhiteTeam "SC Zugzwang 95 (Berlin)"]
[BlackTeam "SF Nordost Berlin"]

1. e4 c5 2. c3 d5 3. exd5 Qxd5 4. d4 e5 5. Be3 cxd4 6. cxd4 Nc6 7. Nc3 Bb4 8.
dxe5 Bxc3+ 9. bxc3 Qxe5 10. Rc1 Be6 11. Qa4 Nf6 12. Nf3 Qe4 13. Qa3 h6 14. c4
Rd8 15. Be2 a6 16. O-O Ng4 17. Rc3 Nxe3 18. Rxe3 Qf5 19. Nh4 Qa5 20. Qxa5 Nxa5
21. Ng6 fxg6 22. Rxe6+ Kf7 23. Rb6 Rhe8 24. Bf3 Nxc4 25. Rxb7+ Kf6 26. Rc1 Rd2
27. h4 Ne5 28. a4 Nxf3+ 29. gxf3 Rd4 30. Rc6+ Re6 31. Rxe6+ Kxe6 32. Rb6+ Rd6
33. Rb4 Kf5 34. Kg2 g5 35. Rg4 gxh4 36. Rxh4 g5 37. Rc4 Ke5 38. Kg3 Kd5 39. Re4
Rc6 40. Kg4 Rc3 41. Re3 Rc4+ 42. Kh5 Rc6 43. Re4 Kc5 44. f4 Kd5 45. f3 Rf6 46.
Kg4 Rxf4+ 47. Rxf4 gxf4 48. Kxf4 a5 49. Kf5 h5 50. Kg5 Ke6 51. Kxh5 Kf5 52. Kh6
Kf6 53. Kh7 Kf7 54. Kh8 Kf6 55. Kg8 Kf5 56. Kf7 Kf4 57. Kf6 Kxf3 58. Kf5 Ke3
59. Ke5 Kf3 60. Kd5 Kf4 61. Kc5 Ke5 62. Kc6 Kd4 63. Kb6 Kc4 64. Kxa5 Kc5
1/2-1/2

[Event "Lichtenberger Sommer 2019"]
[Site "Berlin"]
[Date "2019.08.19"]
[Round "3.55"]
[White "Willich, Manfred"]
[Black "Kellner, René"]
[Result "1-0"]
[WhiteElo "1871"]
[BlackElo "1700"]
[PlyCount "53"]
[EventDate "2019.??.??"]
[WhiteTeam "SK Turm Bad Hersfeld"]
[BlackTeam "Potsdamer SV"]

1. d4 Nf6 2. c4 g6 3. Nc3 Bg7 4. e4 d6 5. f3 O-O 6. Be3 Na6 7. Qd2 c5 8. Nge2
cxd4 9. Nxd4 Nc7 10. Be2 a6 11. O-O Bd7 12. Rac1 Ne6 13. Nc2 Rc8 14. Kh1 Qa5
15. Nd5 Qd8 16. Ncb4 Nxd5 17. Nxd5 Bc6 18. Nb6 Rb8 19. b4 Nc7 20. a4 Na8 21. a5
Nxb6 22. Bxb6 Qe8 23. Rb1 f5 24. b5 axb5 25. cxb5 Bd7 26. Bc7 Rc8 27. Qd5+ 1-0

[Event "Lichtenberger Sommer 2019"]
[Site "Berlin"]
[Date "2019.08.19"]
[Round "3.56"]
[White "Nguyen, Phuc Nhat"]
[Black "Karyah, Thomas"]
[Result "0-1"]
[WhiteElo "1599"]
[BlackElo "1870"]
[PlyCount "110"]
[EventDate "2019.??.??"]
[WhiteTeam "SC Zugzwang 95 (Berlin)"]
[BlackTeam "SC Zugzwang 95 (Berlin)"]

1. e4 g6 2. Nf3 d6 3. d4 Bg7 4. Be3 Nf6 5. Nc3 c6 6. Qd2 h5 7. h3 a5 8. Be2 b5
9. a3 Bb7 10. O-O b4 11. axb4 axb4 12. Rxa8 Bxa8 13. Na2 b3 14. Nc3 bxc2 15.
Qxc2 O-O 16. Rd1 Qc8 17. Qd2 c5 18. e5 cxd4 19. Bxd4 dxe5 20. Bxe5 Nc6 21. Bf4
Qb7 22. Bh6 e6 23. Bxg7 Kxg7 24. Nb5 Rd8 25. Qc1 Rxd1+ 26. Qxd1 Ne5 27. Qa4 Qc6
28. Nc3 Qxa4 29. Nxa4 Nxf3+ 30. Bxf3 Bxf3 31. gxf3 Nd5 32. Nc5 Kf6 33. Nd3 Kf5
34. b4 Nf4 35. Nxf4 Kxf4 36. Kg2 Ke5 37. Kg3 Kd5 38. Kf4 f6 39. Ke3 Kc4 40. b5
Kxb5 41. Kd4 Kc6 42. f4 Kd6 43. h4 Kc6 44. f3 Kd6 45. Ke4 Kc5 46. Ke3 Kc4 47.
Ke4 Kc3 48. Ke3 f5 49. Ke2 Kc2 50. Ke3 Kd1 51. Kd4 Ke2 52. Ke5 Kxf3 53. Kxe6
Kxf4 54. Kf6 Kg4 55. Kxg6 f4 0-1

[Event "Lichtenberger Sommer 2019"]
[Site "Berlin"]
[Date "2019.08.19"]
[Round "3.57"]
[White "Grassi, Fabrizio"]
[Black "Hesselbarth, Karlheinz"]
[Result "1/2-1/2"]
[WhiteElo "1861"]
[BlackElo "1692"]
[PlyCount "42"]
[EventDate "2019.??.??"]
[WhiteTeam "SV Berlin-Friedrichstadt"]
[BlackTeam "SC Zugzwang 95 (Berlin)"]

1. d4 d5 2. Bf4 Nf6 3. e3 g6 4. Bd3 Bg7 5. Nf3 O-O 6. O-O Nbd7 7. c4 c6 8. Nc3
dxc4 9. Bxc4 Nh5 10. Bg5 h6 11. Bh4 Nb6 12. Bd3 Bg4 13. h3 Bxf3 14. Qxf3 Rc8
15. Rfd1 Qe8 16. Rac1 f5 17. Be2 Nf6 18. Bg3 Nh5 19. h4 g5 20. hxg5 hxg5 21.
Bd3 Qg6 1/2-1/2

[Event "Lichtenberger Sommer 2019"]
[Site "Berlin"]
[Date "2019.08.19"]
[Round "3.58"]
[White "Schiller, Stephan"]
[Black "Stein, Siegfried"]
[Result "1/2-1/2"]
[WhiteElo "1571"]
[BlackElo "1852"]
[PlyCount "58"]
[EventDate "2019.??.??"]
[WhiteTeam "SV Motor Wildau"]
[BlackTeam "SV Berolina Mitte"]

1. d4 Nf6 2. c4 g6 3. Nc3 Bg7 4. e4 d6 5. Nf3 O-O 6. Be2 c5 7. d5 a6 8. O-O Bg4
9. h3 Bxf3 10. Bxf3 Nbd7 11. Qc2 Rb8 12. Be2 Ne8 13. Rb1 e5 14. Be3 f5 15. exf5
gxf5 16. f4 e4 17. g4 Qh4 18. Kg2 Bd4 19. Bf2 Bxf2 20. Rxf2 Nef6 21. gxf5 Rbe8
22. Rg1 Kh8 23. Bf1 Rg8+ 24. Kh2 Rxg1 25. Kxg1 Rg8+ 26. Rg2 Rxg2+ 27. Bxg2 Qxf4
28. Nxe4 Qxf5 29. Qf2 Qxf2+ 1/2-1/2

[Event "Lichtenberger Sommer 2019"]
[Site "Berlin"]
[Date "2019.08.19"]
[Round "3.59"]
[White "Kievelitz, Bernd"]
[Black "Wadepfuhl, Jeremy"]
[Result "1-0"]
[WhiteElo "1850"]
[BlackElo "1668"]
[PlyCount "109"]
[EventDate "2019.??.??"]
[WhiteTeam "SC Zitadelle Spandau"]
[BlackTeam "Borussia Lichtenberg"]

1. Nf3 d5 2. d4 Nf6 3. c4 c6 4. Qb3 dxc4 5. Qxc4 Qd5 6. e3 Qxc4 7. Bxc4 e6 8.
O-O Nbd7 9. Nc3 Bd6 10. e4 e5 11. Bg5 O-O 12. Bxf6 gxf6 13. d5 Nb6 14. Bb3 c5
15. Nb5 Bb8 16. a4 c4 17. Bc2 Bd7 18. Rfc1 Rc8 19. Nc3 a5 20. Nd2 Bd6 21. Bd1
Rc5 22. Nf1 Nc8 23. Ne3 Ne7 24. Be2 Rac8 25. h3 f5 26. exf5 Nxf5 27. Bg4 Nxe3
28. Bxd7 Rd8 29. fxe3 Rxd7 30. Ne4 Kg7 31. Nxc5 Bxc5 32. Rd1 Bxe3+ 33. Kf1 Bd4
34. Rac1 Bxb2 35. Rxc4 Bd4 36. Rb1 b6 37. Rb5 Kf6 38. Ke2 Kf5 39. Kd3 Bc5 40.
g4+ Kg5 41. Rcxc5 bxc5 42. Rxc5 f5 43. gxf5 Kf4 44. f6 e4+ 45. Kd4 Kf5 46. Rc6
e3 47. Re6 e2 48. Rxe2 Kxf6 49. Kc5 Rc7+ 50. Kb6 Rc3 51. d6 Rd3 52. Kc7 Rc3+
53. Kd8 Rxh3 54. d7 Rh4 55. Ke8 1-0

[Event "Lichtenberger Sommer 2019"]
[Site "Berlin"]
[Date "2019.08.19"]
[Round "3.60"]
[White "Schneider, Eckehard"]
[Black "Reck, Jessica"]
[Result "0-1"]
[WhiteElo "1844"]
[BlackElo "1649"]
[PlyCount "80"]
[EventDate "2019.??.??"]
[WhiteTeam "SF 1903 Berlin"]
[BlackTeam "SK König Tegel"]

1. e4 b6 2. d4 Bb7 3. Nc3 e6 4. Nf3 Bb4 5. Bd3 Nf6 6. Qe2 d5 7. e5 Ne4 8. Bd2
Nxd2 9. Qxd2 c5 10. O-O Nc6 11. Qe3 Bxc3 12. bxc3 Qe7 13. c4 cxd4 14. Nxd4 Nxd4
15. Qxd4 dxc4 16. Qxc4 O-O 17. Rfe1 Rac8 18. Qg4 Rfd8 19. Re3 Qc5 20. Rae1 Qd4
21. Qg5 h6 22. Qh5 Qf4 23. Rg3 Rd4 24. h3 Qh4 25. Qe2 Ra4 26. c4 Ba6 27. Rg4
Qd8 28. Qe3 Kh8 29. Qe4 Qg8 30. Qe2 Bb7 31. Qc2 b5 32. Qb3 Qe8 33. cxb5 Rxg4
34. hxg4 Qd8 35. Be4 Bxe4 36. Rxe4 Rc1+ 37. Kh2 Qh4+ 38. Qh3 Qxf2 39. g5 Qg1+
40. Kg3 Rc3+ 0-1

[Event "Lichtenberger Sommer 2019"]
[Site "Berlin"]
[Date "2019.08.19"]
[Round "3.62"]
[White "Badestein, Hartmut"]
[Black "Weber, Constanze"]
[Result "1-0"]
[WhiteElo "2042"]
[BlackElo "1490"]
[PlyCount "49"]
[EventDate "2019.??.??"]
[WhiteTeam "SC Friesen Lichtenberg"]
[BlackTeam "SV Ruhrspringer"]

1. e4 c5 2. Nf3 Nc6 3. Bb5 g6 4. Bxc6 bxc6 5. O-O Bg7 6. d3 d6 7. h3 Rb8 8. Nc3
Bd7 9. Re1 Qc8 10. e5 d5 11. Na4 Rb5 12. c4 dxc4 13. dxc4 Rb8 14. Nxc5 Be6 15.
b3 h5 16. Qe2 Nh6 17. Bxh6 Bxh6 18. Nxe6 Qxe6 19. Nd4 Qc8 20. e6 f6 21. Qe4 f5
22. Nxf5 gxf5 23. Qxf5 Kd8 24. Rad1+ Kc7 25. Qa5+ 1-0

[Event "Lichtenberger Sommer 2019"]
[Site "Berlin"]
[Date "2019.08.19"]
[Round "3.64"]
[White "Kreuchauf, Olaf"]
[Black "Dittrich, Tom"]
[Result "0-1"]
[WhiteElo "1690"]
[BlackElo "1923"]
[PlyCount "82"]
[EventDate "2019.??.??"]
[WhiteTeam "SC Eintracht Berlin"]
[BlackTeam "SG Stadtilm"]

1. c4 e5 2. g3 Nf6 3. Bg2 d5 4. cxd5 Nxd5 5. Nc3 Nb6 6. Nf3 Nc6 7. O-O Be7 8.
d3 O-O 9. Rb1 Re8 10. a3 a5 11. Be3 Bf8 12. Na4 e4 13. Nxb6 exf3 14. Nxc8 fxg2
15. Kxg2 Rxc8 16. Qb3 b6 17. Rbc1 Nd4 18. Qd1 Nf5 19. Bf4 Bc5 20. e3 Bd6 21. e4
Nh4+ 22. Kh1 Ng6 23. Be3 c5 24. f4 f6 25. h4 Nf8 26. h5 Ne6 27. h6 Qd7 28. hxg7
Nd4 29. Rf2 Qxg7 30. Qh5 Qf7 31. Qg4+ Qg7 32. Qh5 Qf7 33. Qg4+ Qg6 34. Qd1 Kg7
35. Rh2 h5 36. f5 Qg4 37. Rxh5 Qxd1+ 38. Rxd1 Rh8 39. Rxh8 Rxh8+ 40. Kg2 Kf7
41. g4 Rh2+ 0-1

[Event "Lichtenberger Sommer 2019"]
[Site "Berlin"]
[Date "2019.08.19"]
[Round "3.65"]
[White "Massa, Pietro"]
[Black "Kopischke, Maik"]
[Result "0-1"]
[WhiteElo "1677"]
[BlackElo "1826"]
[PlyCount "80"]
[EventDate "2019.??.??"]
[WhiteTeam "SF 1903 Berlin"]
[BlackTeam "SC Zugzwang 95 (Berlin)"]

1. d4 Nf6 2. Nf3 c5 3. c3 g6 4. Bf4 b6 5. e3 Bb7 6. h3 Bg7 7. Be2 O-O 8. O-O d6
9. Nbd2 Nbd7 10. a4 Re8 11. Nc4 Rc8 12. Bxd6 exd6 13. Nxd6 Qc7 14. Nxe8 Rxe8
15. Qb3 h6 16. Rfd1 Ne4 17. Rac1 Ndf6 18. d5 Nd6 19. c4 Bc8 20. Bd3 Nfe4 21.
Qc2 Bd7 22. Re1 Qd8 23. Re2 Qf6 24. Rb1 Bxh3 25. Bxe4 Nxe4 26. Nd4 Bd7 27. Nb5
Bf5 28. Qd1 a6 29. Nc7 Re7 30. Nxa6 Nd6 31. Rc1 Qg5 32. b4 Bc8 33. bxc5 bxc5
34. Nxc5 Bg4 35. Nb3 Bxe2 36. Qxe2 Ra7 37. a5 Nf5 38. Nd4 Nh4 39. Qf1 Bxd4 40.
exd4 Nf3+ 0-1

[Event "Lichtenberger Sommer 2019"]
[Site "Berlin"]
[Date "2019.08.19"]
[Round "3.66"]
[White "Gebhardt, Christine"]
[Black "Ziems, Michael"]
[Result "0-1"]
[WhiteElo "1663"]
[BlackElo "1820"]
[PlyCount "76"]
[EventDate "2019.??.??"]
[WhiteTeam "Anastasias Matt"]
[BlackTeam "SV Empor Berlin"]

1. e4 e6 2. d3 d5 3. Nd2 c5 4. Ngf3 Nc6 5. g3 Nf6 6. Bg2 Be7 7. O-O b6 8. Re1
Bb7 9. e5 Nd7 10. Nf1 h6 11. Qe2 Qc7 12. c3 a5 13. Ne3 Ncxe5 14. Nxe5 Qxe5 15.
Qg4 h5 16. Qa4 Qc7 17. h4 Bc6 18. Qd1 Nf6 19. Nc2 Ng4 20. Bf4 Bd6 21. Bxd6 Qxd6
22. Ne3 Nxe3 23. Rxe3 O-O-O 24. d4 g5 25. Qf3 f5 26. Rae1 Rde8 27. dxc5 bxc5
28. Qe2 Bd7 29. Re5 gxh4 30. gxh4 Reg8 31. f4 Rg4 32. Qf2 Rhg8 33. R1e2 Rxg2+
34. Qxg2 Rxg2+ 35. Rxg2 Qa6 36. Rg6 Qc4 37. Rg8+ Kc7 38. Rg7 Kd6 0-1

[Event "Lichtenberger Sommer 2019"]
[Site "Berlin"]
[Date "2019.08.19"]
[Round "3.67"]
[White "Korell, Klaus-Peter"]
[Black "Tedesco, Gennaro"]
[Result "1-0"]
[WhiteElo "1816"]
[BlackElo "1663"]
[PlyCount "60"]
[EventDate "2019.??.??"]
[WhiteTeam "SG TT/Wiheil"]
[BlackTeam "SC Kreuzberg"]

1. d4 d5 2. c4 c6 3. Nf3 Nf6 4. e3 e6 5. Nc3 Nbd7 6. b3 Bd6 7. Bd3 O-O 8. O-O
Qe7 9. Qe2 b6 10. e4 Nxe4 11. Nxe4 dxe4 12. Qxe4 Nf6 13. Qh4 Re8 14. Ne5 h6 15.
Re1 Nh7 16. Qxe7 Bxe7 17. Nxc6 Bb7 18. Nxe7+ Rxe7 19. Bb2 Rd7 20. Rad1 Rad8 21.
Bc2 Nf6 22. f3 Rc8 23. Kf2 b5 24. c5 Nd5 25. a3 Bc6 26. Ra1 Kf8 27. g3 Rb8 28.
f4 Nf6 29. h3 Nd5 30. Re5 g6 1-0

[Event "Lichtenberger Sommer 2019"]
[Site "Berlin"]
[Date "2019.08.19"]
[Round "3.68"]
[White "Uhlenbrock, Sven"]
[Black "Lieder, Günter"]
[Result "1/2-1/2"]
[WhiteElo "1652"]
[BlackElo "1815"]
[PlyCount "38"]
[EventDate "2019.??.??"]
[BlackTeam "SK Turm Bad Hersfeld"]

1. d4 d5 2. Bf4 Nf6 3. e3 g6 4. Nf3 Bg7 5. Be2 O-O 6. O-O Nbd7 7. Nbd2 Nh5 8.
Bg5 Nhf6 9. c3 c6 10. a4 a5 11. Qc2 Re8 12. Rfe1 Qc7 13. Bf4 Qd8 14. h3 Nh5 15.
Bh2 Nhf6 16. Ne5 Nxe5 17. Bxe5 Bf5 18. Bd3 Bxd3 19. Qxd3 Qd7 1/2-1/2

[Event "Lichtenberger Sommer 2019"]
[Site "Berlin"]
[Date "2019.08.19"]
[Round "3.69"]
[White "Schmalzried, Volker"]
[Black "Wahner, Eberhard"]
[Result "1/2-1/2"]
[WhiteElo "1808"]
[BlackElo "1592"]
[PlyCount "48"]
[EventDate "2019.??.??"]
[BlackTeam "SC Eintracht Berlin"]

1. c4 Nf6 2. Nc3 e6 3. g3 Bb4 4. Bg2 c5 5. Nf3 Nc6 6. O-O O-O 7. a3 Ba5 8. d3
d5 9. cxd5 exd5 10. Bg5 h6 11. Bf4 a6 12. Rc1 Bc7 13. Bxc7 Qxc7 14. d4 c4 15.
b3 b5 16. bxc4 bxc4 17. Ne5 Be6 18. e4 Nxe5 19. dxe5 Qxe5 20. exd5 Rad8 21. Qa4
Nxd5 22. Nxd5 Bxd5 23. Bxd5 Qxd5 24. Rxc4 Qb5 1/2-1/2

[Event "Lichtenberger Sommer 2019"]
[Site "Berlin"]
[Date "2019.08.19"]
[Round "3.70"]
[White "Ho, Ngoc Hai-Dang"]
[Black "Fock, Sana"]
[Result "1/2-1/2"]
[WhiteElo "1642"]
[BlackElo "1800"]
[PlyCount "62"]
[EventDate "2019.??.??"]
[WhiteTeam "SV Mattnetz Berlin"]
[BlackTeam "SC Kreuzberg"]

1. e4 c5 2. Nf3 d6 3. d4 cxd4 4. Nxd4 Nf6 5. Nc3 a6 6. Bc4 e6 7. Bb3 Nbd7 8.
Be3 Nc5 9. f3 Be7 10. Qd2 Qc7 11. O-O O-O 12. Rad1 b5 13. a3 Nxb3 14. Nxb3 Bb7
15. Qf2 Nd7 16. Rd2 Rac8 17. Rfd1 Ne5 18. Bb6 Qb8 19. Na5 Nc4 20. Nxc4 Rxc4 21.
Bd4 e5 22. Be3 f5 23. exf5 Rxf5 24. Nd5 Bxd5 25. Rxd5 Qc8 26. c3 Qf8 27. Qd2
Qf7 28. Qf2 Qg6 29. Qg3 Qh5 30. Qf2 Qf7 31. Qe2 Qg6 1/2-1/2

[Event "Lichtenberger Sommer 2019"]
[Site "Berlin"]
[Date "2019.08.19"]
[Round "3.71"]
[White "Mueller, Jörg René"]
[Black "Wallmann, Bodo"]
[Result "1/2-1/2"]
[WhiteElo "1590"]
[BlackElo "1789"]
[PlyCount "164"]
[EventDate "2019.??.??"]
[WhiteTeam "SC Zugzwang 95 (Berlin)"]
[BlackTeam "SC Kreuzberg"]

1. c4 e6 2. Nc3 Nf6 3. g3 d5 4. Bg2 c6 5. b3 Be7 6. Nf3 O-O 7. O-O d4 8. Na4 c5
9. d3 Bd6 10. e4 e5 11. Nh4 Nc6 12. a3 Qc7 13. Ra2 Rb8 14. f4 b5 15. Nb2 b4 16.
f5 Ne8 17. Bg5 f6 18. Bd2 bxa3 19. Rxa3 Nb4 20. Bxb4 Rxb4 21. Qc2 a6 22. Bf3
Qb8 23. Bd1 Rf7 24. Ra4 Rb6 25. Qb1 Bf8 26. Ra3 Bd7 27. Rf2 Bc6 28. Qa2 Nc7 29.
g4 Be7 30. Nf3 g5 31. Nd2 Rg7 32. Ra5 Kh8 33. Na4 Bxa4 34. Rxa4 Bf8 35. Rf3 Rb4
36. Rh3 Rxa4 37. bxa4 Qb4 38. Rg3 Kg8 39. Rg2 Ne8 40. Kf1 Rb7 41. Nb3 Nd6 42.
Rg3 Nc8 43. Rg2 a5 44. Rb2 Qc3 45. Ke2 Na7 46. Qb1 Nc6 47. Qc2 Qb4 48. Ra2 Qb6
49. Qd2 Nb4 50. Ra1 Ra7 51. Nc1 Qc7 52. Kf3 Rb7 53. Rb1 Qg7 54. Rb2 Qh6 55. Kg2
Qg7 56. Ne2 Qc7 57. Ng3 Bg7 58. Nh5 Nc6 59. Rb5 Nb4 60. Kg3 Rxb5 61. cxb5 c4
62. dxc4 Qxc4 63. Kg2 d3 64. Ng3 Bf8 65. Qb2 Kh8 66. Qb3 Qc7 67. Qe6 Qe7 68.
Qxe7 Bxe7 69. Bb3 Bc5 70. Kf1 Nc2 71. Nh1 Ne3+ 72. Ke1 Bb4+ 73. Kf2 Bc5 74. Kf3
d2 75. Nf2 Kg7 76. h3 Kf8 77. Ke2 d1=Q+ 78. Nxd1 Nxd1 79. Bxd1 Ke7 80. Kd3 Kd6
81. Bb3 h6 82. Kc4 Bb6 1/2-1/2

[Event "Lichtenberger Sommer 2019"]
[Site "Berlin"]
[Date "2019.08.19"]
[Round "3.72"]
[White "Villuela, Roberto"]
[Black "Ellert, Stefan"]
[Result "1/2-1/2"]
[WhiteElo "1787"]
[BlackElo "1580"]
[PlyCount "50"]
[EventDate "2019.??.??"]
[WhiteTeam "Nairobi Chess Club"]
[BlackTeam "SV Empor Berlin"]

1. d4 d5 2. Bf4 c6 3. Nd2 Qb6 4. Nb3 e6 5. e3 Nf6 6. Bd3 Ne4 7. Ne2 f5 8. O-O
Be7 9. c4 O-O 10. c5 Qd8 11. f3 Nf6 12. Qc2 Nh5 13. g4 Nxf4 14. exf4 Qe8 15.
Ng3 Na6 16. Qd2 b6 17. Rfe1 Qf7 18. gxf5 exf5 19. Nxf5 Bxf5 20. Bxa6 Bh3 21.
Bd3 Bh4 22. Re5 bxc5 23. dxc5 Qxf4 24. Qe2 Bf6 25. Bxh7+ Kf7 1/2-1/2

[Event "Lichtenberger Sommer 2019"]
[Site "Berlin"]
[Date "2019.08.19"]
[Round "3.73"]
[White "Nareyek, Matthias"]
[Black "Becker, Werner"]
[Result "0-1"]
[WhiteElo "1448"]
[BlackElo "1758"]
[PlyCount "56"]
[EventDate "2019.??.??"]
[WhiteTeam "SV Empor Berlin"]
[BlackTeam "SC Rochade (Berlin)"]

1. Nf3 d5 2. g3 c5 3. Bg2 Nc6 4. O-O e5 5. d3 Nf6 6. Nbd2 Be7 7. Re1 O-O 8. e4
d4 9. a4 a6 10. Nc4 Nd7 11. Nfd2 Rb8 12. c3 b5 13. axb5 axb5 14. Na3 dxc3 15.
bxc3 b4 16. cxb4 cxb4 17. Nac4 Nc5 18. Bf1 Nxd3 19. Bxd3 Qxd3 20. Re3 Qd8 21.
Bb2 Bc5 22. Nxe5 Nxe5 23. Bxe5 Bxe3 24. Bxb8 Qxd2 25. fxe3 Qxe3+ 26. Kh1 Qxe4+
27. Kg1 Qe3+ 28. Kh1 Bb7+ 0-1

[Event "Lichtenberger Sommer 2019"]
[Site "Berlin"]
[Date "2019.08.19"]
[Round "3.75"]
[White "Pöltelt, Helmut"]
[Black "Eichstädt, Torsten"]
[Result "1-0"]
[WhiteElo "1746"]
[BlackElo "1401"]
[PlyCount "49"]
[EventDate "2019.??.??"]
[WhiteTeam "SC Eintracht Berlin"]
[BlackTeam "SG NARVA Berlin"]

1. e4 e5 2. Nf3 Nf6 3. Nc3 Nc6 4. d4 d6 5. d5 Ne7 6. Bb5+ Bd7 7. Bxd7+ Qxd7 8.
O-O g6 9. Bg5 Bg7 10. Qd2 h6 11. Bxf6 Bxf6 12. Rad1 g5 13. Ne2 Ng6 14. Qb4 b6
15. Ng3 a5 16. Qc4 Nh4 17. Rd3 h5 18. Nxh4 gxh4 19. Nf5 Rg8 20. h3 Rg6 21. Rc3
Ra7 22. Qe2 Rg5 23. Rc6 Kd8 24. Qf3 Kc8 25. Nxd6+ 1-0

[Event "Lichtenberger Sommer 2019"]
[Site "Berlin"]
[Date "2019.08.19"]
[Round "3.76"]
[White "Koerber, Bernhard"]
[Black "Francois, Yannick"]
[Result "0-1"]
[WhiteElo "1488"]
[BlackElo "1745"]
[PlyCount "82"]
[EventDate "2019.??.??"]
[WhiteTeam "Lasker Steglitz-Wilmersdorf"]
[BlackTeam "SC Falkensee"]

1. e4 c5 2. Nc3 Nc6 3. f4 e6 4. Nf3 d5 5. Bb5 Nge7 6. O-O g6 7. Ne5 Bg7 8. Nxc6
Nxc6 9. exd5 exd5 10. Re1+ Be6 11. Bxc6+ bxc6 12. f5 gxf5 13. Qh5 Qf6 14. d3
Qg6 15. Qxg6 hxg6 16. Na4 O-O 17. Nxc5 Bd4+ 18. Be3 Bxb2 19. Rab1 Bc3 20. Nxe6
fxe6 21. Re2 e5 22. Bd2 Bxd2 23. Rxd2 Rab8 24. Rdd1 Rb6 25. Rb3 Rfb8 26. Rdb1
Kf7 27. g4 Kf6 28. Kg2 c5 29. c4 dxc4 30. dxc4 Rxb3 31. axb3 Kg5 32. Kg3 f4+
33. Kf3 Re8 34. Ke4 Kxg4 35. Rg1+ Kh5 36. h4 Kh6 37. Rg5 Re6 38. Rg1 Kh5 39.
Kd5 Re8 40. Kxc5 e4 41. Kd4 e3 0-1